000 00443nam a22001577a 4500
008 161126s2015 gt||||| |||| 00| 0 spa d
082 0 4 _a861
_bP344s
100 1 _aPayeras, Javier.
_95633
245 1 0 _aSentidos finales /
_cJavier Payeras.
250 _a1a ed.
260 _aGuatemala :
_bEdiciones Bizarras,
_c2015.
300 _a30 p.
_bil.
653 1 0 _aLiteratura Latinoamericana
653 1 0 _aPoesía - Guatemala
653 1 0 _aPoesía - Arte
999 _c1097
_d1097